Catholic University of Zimbabwe Library
Online Public Access Catalogue
(OPAC)

90Robert Mugabe (Record no. 10586)

MARC details
000 -LEADER
fixed length control field 00212 a2200097 4500
020 ## - INTERNATIONAL STANDARD BOOK NUMBER
International Standard Book Number 9780797458024
005 - DATE AND TIME OF LATEST TRANSACTION
control field 20191017173658.0
084 ## - OTHER CLASSIFICATION NUMBER
Classification number NONE
100 ## - MAIN ENTRY--PERSONAL NAME
Personal name National Gallery of zimbabwe
245 ## - TITLE STATEMENT
Title 90Robert Mugabe
Medium Text
260 ## - PUBLICATION, DISTRIBUTION, ETC.
Date of publication, distribution, etc. 2014

No items available.

OPENING HOURS

Weekdays: 0815hrs - 1800hrs
Weekends:0900hrs - 1200hrs

Closed for Mass:

Mon, Thur: 1200hrs - 1300hrs
Sunday & Public Holiday’s

CALL SUPPORT

0242-570570, 0242-570169
09200664, +263 8644140602

LOCATION

18443, Cranborne Avenue, Hatfield, Harare

Other Links


©2021 | CUZ Library